Visualizzazione normale
Vista MARC
- King Mark
di Personal Name
Records bibliografici associati: 1
001 - CONTROL NUMBER
- control field: 25183
003 - CONTROL NUMBER IDENTIFIER
- control field: IT-RoPau
005 - DATE AND TIME OF LATEST TRANSACTION
- control field: 20140515221544.0
008 - FIXED-LENGTH DATA ELEMENTS
- fixed length control field: 140515|| aca||aabn | a|a d
040 ## - CATALOGING SOURCE
- Original cataloging agency: IT-RoPau
- Transcribing agency: IT-RoPau
100 ## - HEADING--PERSONAL NAME
- Personal name: King Mark
- Miscellaneous information: Codice autore musica SPICS: 20338
- Relator term: Autore musica
- Name of part/section of a work: Heaven In My Hands - I Don't Know Why - Take A Look - Over There - Tracie - Staring At the Sun - Two Hearts Collide - Man
670 ## - SOURCE DATA FOUND
- Source citation: Work cat.: (IT-RoPau)98867: King Mark 25179, Staring At The Sun (Lp 837 247)